| 000 | 06168cam a2200349 i 4500 | ||
|---|---|---|---|
| 999 |
_c200437360 _d55572 |
||
| 001 | 200437360 | ||
| 003 | TR-AnTOB | ||
| 005 | 20230826001028.0 | ||
| 007 | ta | ||
| 008 | 181031s2018 tu b 000 0 tur | ||
| 020 | _a9786057542106 | ||
| 040 |
_aB9K _beng _erda _cB9K _dTR-AnTOB |
||
| 041 | 0 | _atur | |
| 043 | _aa-tu--- | ||
| 050 | 1 | 4 |
_aKKX2070 _b.Y3635 2018 |
| 090 |
_aKKX2070 _b.Y3635 2018 |
||
| 100 | 1 |
_aYancı Özalp, Nihan _eauthor _9127497 |
|
| 245 | 1 | 0 |
_aTürkiye'de aktivizm ve kendi kendini sınırlandırma çerçevesinde Anayasa Mahkemesinin yargısal yorumu / _cNihan Yancı Özalp. |
| 264 | 1 |
_aİstanbul : _bOn İki Levha Yayıncılık, _c2018. |
|
| 300 |
_a330 pages ; _c24 cm |
||
| 336 |
_atext _2rdacontent _btxt |
||
| 337 |
_aunmediated _2rdamedia _bn |
||
| 338 |
_avolume _2rdacarrier _bnc |
||
| 490 | 0 |
_aOn İki Levha Yayıncılık ; _vyayın no. 969 |
|
| 504 | _aIncludes bibliographical references (pages [317]-330). | ||
| 505 | 0 | _aGİRİŞ Birinci Bölüm ANAYASA YARGISI İLE BİRLİKTE ANAYASAL KAVRAMLARIN DÖNÜŞÜME UĞRAMASI I. Egemenlik Kavramının Dönüşüme Uğraması II. Demokrasi Kavramının Dönüşümü: Anayasal Demokrasi A. Anayasa Yargısını Doğuran Nedenler B. Demokrasi ve Anayasa Yargısı Çatışması C. Anayasa Mahkemesinin İşlevinin Niteliği D. Çoğunlukçu ve Çoğulcu Demokrasilerde Anayasa Mahkemesinin Etkinliği III. Erkler Ayrılığı Şemasında Anayasa Yargısının Yeri IV. Anayasanın Üstünlüğü ve Anayasa Yargısı Işığında Anayasacılık İkinci Bölüm ANAYASA MAHKEMESİNİN YARGISAL DAVRANIŞ BİÇİMLERİ VE NEDENLERİ I. Anayasa Mahkemesinin Yargısal Davranışları ve Sonuçları A. Politik Sorun Kavramı ve Kendi Kendini Sınırlandırma (Judicial Self-Restraint) B. Yargısal Aktivizm Kavramı C. Yargısal Aktivizmin Görünüm Biçimleri II. Anayasa Mahkemelerinin Aktivizm ve Kendi Kendini Sınırlandırma Arasında Tercih Nedenleri A. Genel Olarak B. Türkiye'de Anayasa Yargısı-Siyaset Etkileşimi C. Türkiye'de Anayasa Mahkemesinin Kuruluşuna Etki Eden Nedenler D. Türkiye'de Anayasa Mahkemesinin Yetkilerine Etki Eden Hukuksal Gelişmeler E. Anayasa Mahkemesinin Kararlarını Yönlendiren Hukuki Etkenler Üçüncü Bölüm TÜRKİYE'DE ANAYASA MAHKEMESİNİN DEĞİŞEN YARGISAL DAVRANIŞLARI: AKTİVİZMDEN KENDİ KENDİNİ SINIRLANDIRMAYA I. Anayasada Açıkça Tanınmayan Bir Yetkinin Kullanılması A. Anayasa Değişikliklerinin Denetlenmesinde Denetimin Kapsamının Genişletilmesi B. Olağanüstü KHK'lere İlişkin Anayasa Mahkemesinin Yaklaşımındaki Değişiklik C. Anayasa Mahkemesinin Denetimine Tabi Olmayan Parlamento Kararları Konusundaki Yaklaşımı II. Anayasa Mahkemesinin Denetiminin Kapsamını Önce Genişletmesi Sonra Daraltması: Anayasa Mahkemesinin Yetki Kanunları ve KHK'ler Konusunda Yargısal Tavır Değişikliği A. Birinci Evrede Yetki Kanunlarının ve KHK'lerin Yargısal Denetimi Sonucu Verilen Kararlar B. İkinci Evre: Anayasa Mahkemesinin Yetki Kanunları ve KHK'ler Konusundaki Yaklaşım Farklılığı III. Anayasada Tanınan Bir Yetkinin Kullanılmaması A. Milletvekilliğinin Düşürülmesi Kararlarının Yargısal Denetimi B. Anayasa Mahkemesinin Şekil Denetiminde Kendi Yetkilerini Sınırlandırması IV. Anayasa Mahkemesinin Çoğunluk Karşıtı Yargısal Aktivizmi A. Nitelikli Yasa Yapımı Sürecine İlişkin Olarak Anayasa Mahkemesinin Tutumu (Özel Yasama Yöntemine İlişkin Kararlar) B. Anayasa Mahkemesinin Yasa Koyucunun Ekonomik Konulardaki Kararları Karşısında Tavrı Dördüncü Bölüm ANAYASA MAHKEMESİNİN DENETİM YETKİSİNİ DARALTMASI: ANAYASA MAHKEMESİNİN KENDİ KENDİNİ SINIRLANDIRMASI (JUDICIAL SELF-RESTRAINT) VE ÇOĞUNLUKÇU YARGISAL AKTİVİZMİ I. Anayasa Mahkemesinin Özgürlükler Aleyhine Daraltıcı Yorumu A. Anayasa Mahkemesinin 1982 Anayasası Hükümlerini Uygulama Eğilimi: Uygulanacak Anayasa Hükmü Sorunu B. İktidar Lehine Özgürlükler Aleyhine Anayasal Hükmün Kapsamını Genişletme Eğilimi: On Yıllık Süre Yasağına İlişkin İstisna Hükmünün Genişletilmesi C. Anayasa Mahkemesinin Mülga Geçici 15. Maddeye İlişkin Kararları D. Anayasa Mahkemesinin Yorumlu Red Kararları: Aktivizm mi? Pasifizm mi? E. Anayasa Mahkemesinin Yasama İhmalini (İhmal Yoluyla Anayasaya Aykırılığı) Denetlemesi II. Hukukilik-Yerindelik Denetimi Bağlamında Anayasa Mahkemesinin Yaklaşımı A. Anayasa Mahkemesinin Seçim Sistemine İlişkin Düzenlemelere Yönelik Tutumu B. Anayasa Mahkemesinin Siyasal Nitelikli İlke ve Kurallara Dayanan Hukukilik Denetimi veya Siyasal Denetimi C. Anayasadaki Soyut İlke ve Kurallara Dayanan Denetim III. 4+4+4 Yasasına İlişkin Anayasa Mahkemesi Kararı IV. MİT Yasasına İlişkin Anayasa Mahkemesi Kararı V. Anayasa Mahkemesinin İç Güvenlik Yasasına İlişkin İçtihadı VI. Anayasa Mahkemesinin Yaklaşımında Özgürlükler Aleyhine Dolaylı Daralma SONUÇ KAYNAKÇA | |
| 520 | _aAnayasa Mahkemeleri çoğu zaman parlamentoların aldıkları kararlara müdahale ettikleri gerekçesiyle eleştirilmektedirler. Bu yalnızca Türkiye'ye özgü bir durum değildir. Mahkeme kararları, bundan hoşnut olmayan çevrelerce olumsuz anlamda aktivist kararlar olarak nitelendirilmektedir. Buna karşılık Mahkemelerin kendi kendisini sınırlandırarak aldığı bazı kararlar ise, temel hak ve özgürlükleri koruma ve siyasi iktidarların anayasa-dışı düzenlemelerini frenleme işlevlerini gereği gibi yerine getirememelerine neden olmaktadır. Anayasa Mahkemesinin kararlarını siyasi yönden ele almaktansa, kararda kullanılan yorum yöntemleri, hukuki teknikler ve hukuki kanıtları tartışmak, Mahkemenin işlevine daha uygun görünmektedir. Bu nedenle de kitapta, Türkiye'de Anayasa Mahkemesinin kamuoyunda çok tartışılan aktivist ve kendi kendini sınırlandırır nitelikteki kararları, gerekçeleri yorumlanarak tahlil edilmeye çalışılmıştı. -- Arka kapak. | ||
| 650 | 0 |
_aAnayasa hukuku _zTürkiye _9116005 |
|
| 650 | 7 |
_aİnsan hakları çalışanları _2etuturkob _9127500 |
|
| 942 |
_2lcc _cBK |
||